| 000 | 01235cad a22002295a 4500 | ||
|---|---|---|---|
| 001 | L154523 | ||
| 008 | 111218s2011 xxk f 000 0 eng d | ||
| 035 | _a(Sirsi) u154523 | ||
| 041 | 0 | _aeng | |
| 110 | 2 |
_aUnited Kingdom _bHM Treasury |
|
| 245 | 0 | 0 |
_aInfrastructure _bPFI reform _bcall for evidence _h[electronic resource] |
| 260 |
_aLondon _bHM Treasury _c2011 |
||
| 520 | _aOn the 15 November 2011 the Government's intention to reform the Private Finance Initiative (PFI) was announced by the Chancellor. The Government intends to conduct a broad based engagement process and is now inviting all interested parties to respond to a call for evidence on the reform of PFI and to bring forward proposals for a new approach to using the private sector in the delivery of public assets and services. | ||
| 590 | _aKA NTK | ||
| 651 | 4 |
_aUnited Kingdom _y |
|
| 690 | _aMANAGEMENT-BUSINESS MANAGEMENT-FINANCIAL MANAGEMENT | ||
| 690 | _aPROPERTY-INFRASTRUCTURE | ||
| 690 | _aBUILT ENVIRONMENT-CONSTRUCTION MANAGEMENT | ||
| 690 | _aBUILT ENVIRONMENT-CONSTRUCTION MARKET | ||
| 856 | 4 | 0 |
_uhttps://www.hm-treasury.gov.uk/iuk_pfi_reform_call_for_evidence.htm _zView the call for evidence documents at www.hm-treasury.gov.uk |
| 942 | _n0 | ||
| 999 |
_c113028 _d113028 |
||